Pensée et opuscules

Guardat en:
Dades bibliogràfiques
Autor principal: Pascal, Blaise (Pascal, Blas) (auteur)
Format: Llibre
Idioma:francès
Publicat: París Hachette 1957
Col·lecció:Classiques Hachette
Matèries:
Etiquetes: Afegir etiqueta
Sense etiquetes, Sigues el primer a etiquetar aquest registre!

MARC

LEADER 00000nam a2200000 a 4500
001 UCZ3254
003 CL-VaPUC
005 20230320112349.0
008 951020e19570000FR |||||||||||||||||fre|d
999 |c 239745  |d 239743 
040 |c Pontificia Universidad Católica de Valparaíso 
082 0 4 |a 194  |b PAS  |2 21 
100 |a Pascal, Blaise  |q (Pascal, Blas)  |e auteur  |9 515525 
245 1 0 |a Pensée et opuscules 
260 |a París  |b Hachette  |c 1957 
300 |a 804 p 
490 0 |a Classiques Hachette 
583 |a last modification  |c 19951020 00:00:00  |k Rodrigo Vera 
650 0 |a Filosofía francesa   |9 255698 
650 0 |a Cristianismo  |9 257361 
650 0 |a Teología   |9 258766 
942 |c BK  |2 ddc 
945 |d 19951020 00:00:00  |a cmena 
952 |0 0  |1 0  |4 0  |6 194_000000000000000_PAS_1957  |7 0  |8 P  |9 251123  |a BIBEDU  |b BIBEDU  |c BIBEDU_PB  |d 2019-11-18  |i 1584731  |o 194 PAS 1957  |p 1584731  |r 2024-01-25  |w 2019-11-18  |y BK  |k FIL